000 00481nmm a2200157Ia 4500
008 251105s9999||||xx |||||||||||||||||und||
020 _a9788497884921
041 _aspa
100 _aAlcalde Perea, Ignasi
245 0 _aVisualización de la información
264 _a[Madrid, España] :
_bUniversitat Oberta de Catalunya,
_c2015
300 _a84 páginas
650 _aMedia Studies (Journ., TV, etc)
856 _uhttps://public.digitaliapublishing.com/a/37999
942 _cCF
999 _c90675
_d90675